Sangre azul

Uloženo v:
Podrobná bibliografie
Hlavní autor: Romanones, Aline Condesa de
Médium: Kniha
Jazyk:Undetermined
Vydáno: Barcelona, España GRAFO 1990
Témata:
Tagy: Přidat tag
Žádné tagy, Buďte první, kdo vytvoří štítek k tomuto záznamu!

MARC

LEADER 00000nam a2200000Ia 4500
008 170316s9999 xx 000 0 und d
040 |a cru BVZT 
090 |a 820 R-2s 
100 |a Romanones, Aline Condesa de 
245 |a Sangre azul 
260 |a Barcelona, España 
260 |b GRAFO 
260 |c 1990 
300 |a 366 páginas 
650 |a LITERATURA INGLESA 
999 |c 7059  |d 7059 
942 |c 15 D  |h 820 R-2s  |2 z